00341nam a2200145Ia 4500003000400000005001700004008004100021020001800062040002900080100002300109245002500132260001700157260000900174546001200183OSt20240312150223.0170619s9999 xx 000 0 und d a9780071240833 cIIMT ENGINEERING COLLEGE aPressman- Roger S. 0aSOFTWARE ENGINEERING bMc Graw Hill c2005 aENGLISH